00845nam a2200157 a 4500008004100000020001800041041000800059100002200067245003500089250003900124260003600163300001100199500007200210505039400282655001100676161215t2012 sp |||g |||| 001 j spa d a9788493924294 aspa1 aRichter, William. aOjos negros /cWilliam Richter a1a ed.bTraducción Pedro Fontana aBarcelona:bEdiciones B;c2012. a351 p. aRichter, W. (2012). Ojos negros. (1a ed.). Barcelona : Ediciones B. aUn justiciero es aquel que busca la justicia a cualquier precio. Wally podría ser así de temeraria. Pero por ahora su vida está en peligro. Ha tenido que huir sin dejar huella. Su identidad es un misterio... Hasta que descubre una pista que podría revelar la verdad sobre su pasado. ¿Logrará Wally seguir con vida el tiempo suficiente para descubrir quién es ella en realidad? aNovela